[Event "Titled Tuesday intern op 20th Jun Late"]
[Site "Chess.com INT"]
[Date "2023.06.20"]
[Round "9"]
[White "Turayev, Shahruh"]
[Black "Pinero Rodriguez, Carlos Jose"]
[Result "1-0"]
[WhiteElo "2193"]
[BlackElo "2246"]
[PlyCount "67"]
[EventDate "2023.06.20"]
[EventType "swiss (blitz)"]
[EventRounds "11"]
[EventCountry "USA"]
[SourceTitle "EXT 2024"]
[Source "ChessBase"]
[SourceDate "2023.10.10"]
[SourceVersion "1"]
[SourceVersionDate "2023.10.10"]
[SourceQuality "1"]

1. e4 c5 2. Nc3 e6 3. g3 a6 4. a4 Nc6 5. Bg2 Nf6 6. d3 d5 7. exd5 exd5 8. Nge2 h6 9. Nf4 d4 10. Ncd5 Nxd5 11. Nxd5 Be6 12. Nf4 Bd7 13. 0-0 Be7 14. Nd5 0-0 15. Bf4 Bg5 16. Bd6 Re8 17. Nc7 Rc8 18. Nxe8 Bxe8 19. Bxc5 Qa5 20. Bd6 Rd8 21. Ba3 Bf6 22. Re1 Rc8 23. Qg4 Rd8 24. b3 h5 25. Qf3 Qc7 26. h3 b5 27. axb5 axb5 28. Qxh5 b4 29. Bc1 g6 30. Qf3 Be5 31. Bf4 Bxf4 32. Qxf4 Qb6 33. Qf6 Bd7 34. Re7 1-0

[Event "Titled Tuesday intern op 13th Jun Early"]
[Site "Chess.com INT"]
[Date "2023.06.13"]
[Round "4"]
[White "Jaskolka, Tomasz"]
[Black "Turayev, Shahruh"]
[Result "1/2-1/2"]
[WhiteElo "2238"]
[BlackElo "2193"]
[PlyCount "75"]
[EventDate "2023.06.13"]
[EventType "swiss (blitz)"]
[EventRounds "11"]
[EventCountry "USA"]
[SourceTitle "EXT 2024"]
[Source "ChessBase"]
[SourceDate "2023.10.10"]
[SourceVersion "1"]
[SourceVersionDate "2023.10.10"]
[SourceQuality "1"]

1. d4 d5 2. Nc3 e6 3. Bf4 c6 4. e3 f5 5. Nf3 Nf6 6. Be2 Be7 7. Ne5 0-0 8. g4 Nbd7 9. gxf5 exf5 10. Rg1 Ne4 11. Nxe4 fxe4 12. Bg4 Nxe5 13. Bxe5 Bf6 14. Bg3 Qb6 15. Bxc8 Raxc8 16. b3 c5 17. c3 Qa5 18. Qd2 cxd4 19. cxd4 Rc3 20. Kf1 Qa6+ 21. Kg2 Rfc8 22. Rac1 Qc6 23. Rxc3 Qxc3 24. Rd1 h5 25. Qe2 h4 26. Bf4 Qc6 27. Qg4 Re8 28. Bg5 Qc8 29. Qxh4 Re6 30. Bxf6 Rxf6 31. Qg5 Qe6 32. Kh1 Rxf2 33. Rg1 Qf7 34. Qd8+ Kh7 35. Qh4+ Kg8 36. Qd8+ Kh7 37. Qh4+ Kg8 38. Qd8+ 1/2-1/2

[Event "Titled Tuesday intern op 13th Jun Early"]
[Site "Chess.com INT"]
[Date "2023.06.13"]
[Round "6"]
[White "Shuvalova, Polina"]
[Black "Turayev, Shahruh"]
[Result "0-1"]
[WhiteElo "2496"]
[BlackElo "2193"]
[PlyCount "74"]
[EventDate "2023.06.13"]
[EventType "swiss (blitz)"]
[EventRounds "11"]
[EventCountry "USA"]
[SourceTitle "EXT 2024"]
[Source "ChessBase"]
[SourceDate "2023.10.10"]
[SourceVersion "1"]
[SourceVersionDate "2023.10.10"]
[SourceQuality "1"]

1. e4 d5 2. exd5 Qxd5 3. Nc3 Qa5 4. d4 Nf6 5. Nf3 Nc6 6. Bb5 Ne4 7. Bxc6+ bxc6 8. 0-0 Nxc3 9. bxc3 Bg4 10. h3 Qxc3 11. Be3 Bh5 12. Rb1 e6 13. Rb3 Qc4 14. g4 Bg6 15. Ne5 Qxc2 16. Qf3 Qe4 17. Kg2 Qd5 18. Nxg6 hxg6 19. Rc1 Qxf3+ 20. Kxf3 Rxh3+ 21. Kg2 Rh8 22. Rxc6 Bd6 23. Ra6 Kd7 24. Rb7 Rh2+ 25. Kf3 Rh3+ 26. Kg2 Rh2+ 27. Kf3 f5 28. gxf5 gxf5 29. Raxa7 Rxa7 30. Rxa7 Rh5 31. a4 g5 32. a5 g4+ 33. Ke2 f4 34. Bd2 Rh2 35. Ke1 f3 36. Be3 g3 37. Kf1 Rh1# 0-1

[Event "Titled Tuesday intern op 30th May Late"]
[Site "Chess.com INT"]
[Date "2023.05.30"]
[Round "4"]
[White "Turayev, Shahruh"]
[Black "Grigoriants, Sergey"]
[Result "1-0"]
[WhiteElo "2232"]
[BlackElo "2562"]
[PlyCount "87"]
[EventDate "2023.05.30"]
[EventType "swiss (blitz)"]
[EventRounds "11"]
[EventCountry "USA"]
[SourceTitle "CBM 214 Extra"]
[Source "ChessBase"]
[SourceDate "2023.07.31"]
[SourceVersion "1"]
[SourceVersionDate "2023.07.31"]
[SourceQuality "1"]

1. e4 c5 2. Nc3 Nc6 3. Bb5 Nd4 4. Bc4 g6 5. Nge2 Bg7 6. Nxd4 cxd4 7. Qf3 Nf6 8. e5 dxc3 9. exf6 cxd2+ 10. Bxd2 Bxf6 11. 0-0-0 0-0 12. h4 h5 13. Bg5 d5 14. Rxd5 Qb6 15. Bxf6 Qxf6 16. Qxf6 exf6 17. Rd6 Kg7 18. Re1 Bf5 19. Re7 Rad8 20. Rxd8 Rxd8 21. Rxf7+ Kh6 22. Rxb7 Be4 23. Rxa7 Bxg2 24. a4 g5 25. hxg5+ fxg5 26. Bd3 g4 27. a5 h4 28. Rh7+ Kg5 29. b4 Rf8 30. Rg7+ Kh5 31. Rh7+ Kg5 32. Rg7+ Kh5 33. Be2 Rxf2 34. Bxg4+ Kh6 35. Rc7 h3 36. Bxh3 Bxh3 37. b5 Kg5 38. a6 Bg2 39. b6 Rf6 40. Rg7+ Kf5 41. b7 Bxb7 42. axb7 Rb6 43. c4 Ke6 44. Rg6+ 1-0

[Event "Titled Tuesday intern op 04th Apr Early"]
[Site "Chess.com INT"]
[Date "2023.04.04"]
[Round "2"]
[White "Hakobyan, Aram"]
[Black "Turayev, Shahruh"]
[Result "1-0"]
[WhiteElo "2608"]
[BlackElo "2232"]
[PlyCount "167"]
[EventDate "2023.04.04"]
[EventType "swiss (blitz)"]
[EventRounds "11"]
[EventCountry "USA"]
[SourceTitle "EXT 2024"]
[Source "ChessBase"]
[SourceDate "2023.10.10"]
[SourceVersion "1"]
[SourceVersionDate "2023.10.10"]
[SourceQuality "1"]

1. d4 d5 2. c4 e6 3. Nf3 Nf6 4. g3 Be7 5. Bg2 0-0 6. Nc3 c6 7. Nd2 Nbd7 8. 0-0 b5 9. cxb5 cxb5 10. Nxb5 Qb6 11. a4 a6 12. Nc3 Qxd4 13. e4 Bb7 14. Nb3 Qxd1 15. Rxd1 dxe4 16. Na5 Bd5 17. Nxe4 Nxe4 18. Bxe4 Bxe4 19. Rxd7 Bf6 20. Nc4 Rac8 21. Nd6 Bc6 22. Nxc8 Bxd7 23. Nb6 Bc6 24. Be3 Bxb2 25. Rb1 Bf6 26. Rc1 Bf3 27. Nd7 Rd8 28. Nxf6+ gxf6 29. h3 Rd1+ 30. Rxd1 Bxd1 31. a5 Kf8 32. g4 Ke7 33. Bc5+ Kd7 34. Kg2 Bc2 35. Kg3 f5 36. g5 Kc6 37. Be7 Kd5 38. Bf6 e5 39. f4 e4 40. Kf2 Kc4 41. Ke3 Bd1 42. h4 Kb4 43. Bd8 Kc3 44. Bc7 Kc2 45. Bb6 Bg4 46. Bc5 Kc3 47. Ba7 Kb4 48. Bb6 Kc4 49. Bd8 Bh5 50. Be7 Kc3 51. Bd6 Kc2 52. Bb4 Bf3 53. Kd4 Kb3 54. Be1 Kc2 55. Bb4 Bg2 56. h5 Bf1 57. Ke5 Be2 58. h6 Bg4 59. Kf6 Kd3 60. Kg7 Bh5 61. Kxh7 Bg6+ 62. Kg7 Ke3 63. Bd6 Kf3 64. h7 Bxh7 65. Kxh7 e3 66. Kg7 e2 67. Bb4 Kxf4 68. Bd2+ Kg4 69. Kxf7 e1Q 70. Bxe1 Kxg5 71. Ke6 f4 72. Kd6 Kf5 73. Kc6 Ke6 74. Bf2 Ke5 75. Kb7 Kd6 76. Kxa6 Kc6 77. Ka7 Kc7 78. a6 Kc8 79. Bb6 f3 80. Bf2 Kc7 81. Bg3+ Kc8 82. Bh4 Kc7 83. Bf2 Kc8 84. Bg3 1-0